000 00518nam a2200181Ia 4500
005 20240823060100.0
008 240823s9999||||xx |||||||||||||| ||und||
041 _aENGLISH
082 _A683.88 Q6
100 _aAircraft Technical Institute
245 0 _aMaterials and Hardware : Aviation Maintenance Technician Certification Series(Module 06)
250 _a1st
260 _c2016
_bAircraft Technical Book Co
500 _aTRANSFERED
650 _aMAterials and Hardware
_bAME
942 _cBK
999 _c230292
_d230292